Statistics for Country Music #3

Click here to take the quiz!

General Stats

  • This quiz has been taken 8 times
  • The average score is 5 of 15

Answer Stats

HintAnswer% Correct
One Piece at a TimeJohnny Cash
71%
Bye Bye LoveEverly Brothers
57%
Gentle on My MindGlen Campbell
57%
Easy Come, Easy GoGeorge Strait
43%
If You've Got Leavin On Your MindPatsy Cline
43%
Drinkin' and Dreamin'Waylon Jennings
43%
I Was Country When Country Wasn't CoolBarbara Mandrell
29%
Crystal ChandeliersCharley Pride
29%
El PasoMarty Robbins
29%
Sorrow on the RockPorter Wagoner
29%
Down to My Last Broken HeartJanie Fricke
14%
Cow PattiJim Strafford
14%
Jim BridgerJohnny Horton
14%
Tom DooleyThe Kingston Trio
14%
Send Me Down to TusconMel Tillis
0%

Score Distribution

Percentile by Number Answered

Percent of People with Each Score

Your Score History

You have not taken this quiz